La résurrection signe du monde noveau
Tallennettuna:
| Päätekijä: | |
|---|---|
| Aineistotyyppi: | Kirja |
| Kieli: | ranska |
| Julkaistu: |
París
Les Editions du Cerf
1970
|
| Painos: | 1a. ed |
| Aiheet: | |
| Tagit: |
Lisää tagi
Ei tageja, Lisää ensimmäinen tagi!
|
MARC
| LEADER | 00000cam a2200000 a 4500 | ||
|---|---|---|---|
| 001 | UCD0615 | ||
| 003 | CL-VaPUC | ||
| 008 | 151204e19700000fr |||||||||||||||||fre|d | ||
| 082 | 0 | 4 | |a 232.97 |b WAG |2 21 |
| 100 | 0 | |a Wagner, Guy |e author |9 583573 | |
| 245 | 1 | 3 | |a La résurrection signe du monde noveau |
| 250 | |a 1a. ed | ||
| 300 | |a 148 p | ||
| 942 | |c BK | ||
| 945 | |d 20151204 12:43:00 |a gsalatino | ||
| 260 | |a París |b Les Editions du Cerf |c 1970 | ||
| 650 | 7 | |a RESURRECCION |2 CL-VaPUC |9 314406 | |
| 650 | 0 | |a Salvación |9 315007 | |
| 583 | |a last modification |c 20151204 12:43:00 |k Rodrigo Vera | ||
| 999 | |c 362078 |d 362076 | ||
| 952 | |0 0 |1 0 |3 erb |4 0 |6 232_970000000000000_WAG_1970 |7 0 |8 P |9 472942 |a BIBTEO |b BIBTES |c TEO_FTES |i 5272262 |o 232.97 WAG 1970 |p 5272262 |r 2024-01-18 |w 2019-11-24 |y BK |z Catalogado en:20151204 |k ICR | ||